Normal view
MARC view
Entry Término temático
001 - NÚMERO DE CONTROL
- campo de control: 241736
003 - IDENTIFICADOR DE NÚMERO DE CONTROL
- campo de control: SpMaBN
005 - FECHA Y HORA DE LA ÚLTIMA TRANSACCIÓN
- campo de control: 20250811205716.0
008 - ELEMENTOS DE DATO DE LONGITUD-FIJA
- campo de control de longitud fija: 210125dn anznnbabn /a anc d
040 ## - FUENTE DE CATALOGACIÓN
- Centro catalogador/agencia de origen: SpMaBN
- Centro/agencia transcriptor: SpMaBN
150 ## - ENCABEZAMIENTO--TÉRMINO DE MATERIA
- Término de materia o nombre geográfico como elemento de entrada: Videoinstalaciones (Arte)-
- Subdivisión de forma: Exposiciones
670 ## - FUENTE DE DATOS ENCONTRADOS
- Cita de la fuente: WWW LCSH, 25-1-2021
- Información encontrada: [Video installations (Art)]
670 ## - FUENTE DE DATOS ENCONTRADOS
- Cita de la fuente: WWW RAMEAU, 25-1-2021
- Información encontrada: [Installations vidéo (art)
